An assessment of the impacts of climate change on Scottish landscapes and their contribution to quality of life (Record no. 113216)
[ view plain ]
| 000 -LEADER | |
|---|---|
| fixed length control field | 01013cad a22002175a 4500 |
| 001 - CONTROL NUMBER | |
| control field | E154888 |
| 008 - FIXED-LENGTH DATA ELEMENTS--GENERAL INFORMATION | |
| fixed length control field | 120130s2011 xxk f 000 0 eng d |
| 035 ## - SYSTEM CONTROL NUMBER | |
| System control number | (Sirsi) u154888 |
| 041 0# - LANGUAGE CODE | |
| Language code of text/sound track or separate title | eng |
| 110 2# - MAIN ENTRY--CORPORATE NAME | |
| Corporate name or jurisdiction name as entry element | Land Use Consultants |
| 9 (RLIN) | 3228 |
| 245 03 - TITLE STATEMENT | |
| Title | An assessment of the impacts of climate change on Scottish landscapes and their contribution to quality of life |
| Remainder of title | final report |
| Medium | [electronic resource] |
| 260 ## - PUBLICATION, DISTRIBUTION, ETC. | |
| Place of publication, distribution, etc. | Inverness |
| Name of publisher, distributor, etc. | SNH |
| Date of publication, distribution, etc. | 2011 |
| 505 2# - FORMATTED CONTENTS NOTE | |
| Formatted contents note | Scottish Natural Heritage Commissioned Report |
| -- | (488) |
| 520 ## - SUMMARY, ETC. | |
| Summary, etc. | Looks at the potential effects of climate change on the Scottish environment, including farming, forestry and the built environment. Suggests that the greatest initial impact is likely to be felt in lowland and coastal areas. |
| 590 ## - LOCAL NOTE (RLIN) | |
| Local note | KA |
| 651 #4 - SUBJECT ADDED ENTRY--GEOGRAPHIC NAME | |
| Geographic name | Scotland |
| Chronological subdivision | 1999- |
| 690 ## - LOCAL SUBJECT ADDED ENTRY--TOPICAL TERM (OCLC, RLIN) | |
| Topical term or geographic name as entry element | Land use |
| 9 (RLIN) | 6251 |
| 690 ## - LOCAL SUBJECT ADDED ENTRY--TOPICAL TERM (OCLC, RLIN) | |
| Topical term or geographic name as entry element | Sustainability |
| 9 (RLIN) | 6271 |
| 856 40 - ELECTRONIC LOCATION AND ACCESS | |
| Uniform Resource Identifier | <a href="https://www.snh.org.uk/pdfs/publications/commissioned_reports/488_1.pdf">https://www.snh.org.uk/pdfs/publications/commissioned_reports/488_1.pdf</a> |
| Public note | View the report free of charge at www.snh.org.uk |
| 942 ## - ADDED ENTRY ELEMENTS (KOHA) | |
| Suppress in OPAC | 0 |
| Withdrawn status | Lost status | Source of classification or shelving scheme | Damaged status | Not for loan | Home library | Current library | Shelving location | Date acquired | Total Checkouts | Full call number | Barcode | Date last seen | Copy number | Price effective from | Koha item type |
|---|---|---|---|---|---|---|---|---|---|---|---|---|---|---|---|
| Dewey Decimal Classification | Virtual | Virtual | Online | 30/01/2012 | ONLINE PUBLICATION | 154888-2001 | 06/08/2019 | 1 | 06/08/2019 | Book |